000
00374nam a2200169Ia 4500
008
240830s2012 xx 000 0 und d
041
_a
mar
082
_a
891.2/GAR
100
_a
GARDHE, G .K.
245
_a
SARTH VAGBHAT
250
_a
1
260
_a
PUNE
_c
2012
300
_a
564p
650
_a
SANSKRIT SAMHITA
906
_a
SARTH VAGBHAT
999
_c
1188062
_d
1188062